| 000 | 01096nam a22003377a 4500 | ||
|---|---|---|---|
| 001 | 074 | ||
| 003 | DO-SdBPM | ||
| 005 | 20251120121047.0 | ||
| 007 | ta | ||
| 008 | 150918b1997 it 00| 0 spa d | ||
| 020 | _a8434221772 | ||
| 040 |
_aDO-SdBPM _bspa _cBPMSU _erda _drda |
||
| 082 | 4 |
_a372.66 _bB988ju 1998 _222 |
|
| 100 | 1 |
_aButterfield, Moira _eautor _4aut. _d |
|
| 245 | 1 | 0 |
_a Juguemos al teatro : _bLa bella durmiente / _c Moira Butterfield ; traducción Elisenda Solergibert |
| 246 | 1 | 3 |
_aUna historia para representar y aprender teatro _b |
| 260 | _b | ||
| 264 |
_aBarcelona : _bParramón Ediciones, _c1998 |
||
| 300 |
_a24 páginas : _bilustraciones, ; _c27 cm. |
||
| 336 |
_atexto _btxt _2rdacontent |
||
| 337 |
_asin mediación _bn _2rdamedia |
||
| 338 |
_avolumen _bnc _2rdacarrier |
||
| 500 | _3 | ||
| 590 | _aInventariado, 2025/VM | ||
| 650 | 7 | _aTeatro escolar infantil | |
| 650 | 7 |
_aTeatro _xestudio y enseñanza |
|
| 650 | 7 | _aTeatro alemán | |
| 700 | 1 |
_aSolergibert, Elisenda _etraductor |
|
| 910 | _aVMateo V. Control de calidad. BPMSU | ||
| 942 |
_2ddc _cBK |
||
| 999 |
_c15528 _d15528 |
||